000 005510000a22001810004500
003 MACL
005 20160528141137.0
008 160528b xxu||||| |||| 00| 0 eng d
040 _aMACL
_cMACL
041 _aHindi
082 _a891.433
100 _aझा, विकास कुमार
_958878
245 _aमैकलुस्‍कीगंज
_cविकास कुमार झा
260 _bसृष्टि प्रकाशन
_c1999
_aपटना
350 _a295
650 _aNovel
_960583
942 _cHIN
_k800/JHA/N
_2ddc
999 _c11404
_d11404